European faculty directory

Saved in:
Bibliographic Details
Corporate Author: IBIS Information Services
Format: Book
Language:English
Published: London : Gale Research International, c1991
Subjects:
Tags: Add Tag
No Tags, Be the first to tag this record!

MARC

LEADER 00000nam a2200000 i 4500
001 1/69310
008 990209s1991 eng d
020 |a 0-8103-8328-4 
035 |l 10047803 
040 |a GR-MY-UA  |b gre  |e aacr 
041 0 |a eng 
082 0 |a 378.120254 
110 2 |a IBIS Information Services. 
245 1 0 |a European faculty directory /  |c compiled by IBIS Information Services 
260 |a London :   |b Gale Research International,   |c c1991 
300 |a 1640 p. (v.1); 3280 p. (v.2) 
500 |a An alphabetical and subject - classified listing of 315.000 names and adresses for faculty at nearly 1400 intsitutions of higher learning in east and west Europe, 1991 
505 0 |a Volume 1: Alphabetical listings A-PVolume 2: Alphabetical listings Q-Z: Subject listings 
650 0 0 |a College teachers  |z Europe  |x Directories. 
650 0 0 |a Faculty  |z Europe  |x Directories. 
852 |a INST  |b LESVOS  |e 19990209  |h 378.120254 EUR  |p 005100018194  |q 005100018194  |t REF  |y 23  |z v.1 
852 |a INST  |b LESVOS  |e 19990211  |h 378.120254 EUR  |p 005100018195  |q 005100018195  |t REF  |y 23  |z v.2 
852 |a INST  |b LESVOS  |e 19990209  |h 378.120254 EUR  |p 005100018194  |q 005100018194  |t REF  |v v.1:  |y 23  |z v.1 
852 |a INST  |b LESVOS  |e 19990211  |h 378.120254 EUR  |p 005100018195  |q 005100018195  |t REF  |v v.2:  |y 23  |z v.2 
853 |a INST  |b LESVOS  |h 378.120254 EUR 
901 |a BIBL-1999-1 
909 |a Λ  |b 062650 
909 |a Λ  |b 062651 
922 |a 1ΕΛΗ  |b 199812  |c ΚΠΣ/ΚΥΒ  |d LEADER 
950 |a 023-1998-09-14